000 00697nam a22002417a 4500
008 130507b xxu||||| |||| 00| 0 eng d
020 _a92-1-12670-1
024 _cAvailable
037 _cAvailable
040 _aMBSTU LIBRARY
_dMBSTU LIBRARY
082 _222
_a333.79 REE
100 _aReddy, Amulya K.N.
245 _aEnergy after rio: prospects and challenges.
260 _aNew York.
_bUnited Nation Development Programe.
_c1997
300 _a28 cm.
_b176 page
_f1
_g28 cm.
600 _aEnergy
650 _2Energy
700 _aReddy, Amulya K.N.
270 _aNew York.
_bNew York.
_dUSA
365 _b1257.00
_d1257.00
942 _2ddc
_cBK
999 _c318
_d318